[Event "Titled Tuesday intern op 16th Apr Early"]
[Site "Chess.com INT"]
[Date "2024.04.16"]
[Round "1"]
[White "Meduri, Aakaash"]
[Black "Postny, Evgeny"]
[Result "1-0"]
[WhiteElo "1962"]
[BlackElo "2600"]
[PlyCount "99"]
[EventDate "2024.04.16"]
[EventType "swiss (blitz)"]
[EventRounds "11"]
[EventCountry "USA"]
[SourceTitle "CB17_2024"]
[SourceDate "2024.04.24"]
[SourceVersion "1"]
[SourceVersionDate "2024.04.24"]
[SourceQuality "1"]

1. c3 g6 2. d4 Bg7 3. Bf4 d6 4. e3 Nc6 5. Be2 e5 6. Bg3 f5 7. h4 Nf6 8. h5 0-0 9. hxg6 hxg6 10. Qb3+ d5 11. Bxe5 Nxe5 12. dxe5 Ne4 13. Nf3 c6 14. Nbd2 Qe7 15. c4 Be6 16. Rd1 Rfd8 17. cxd5 Bxd5 18. Bc4 Nc5 19. Qc3 b5 20. Bxd5+ Rxd5 21. b4 Nd3+ 22. Ke2 Rad8 23. Qxc6 Kf7 24. Rh7 Nxb4 25. Qc3 Kg8 26. Rdh1 Nxa2 27. Qb3 Nc1+ 28. Rxc1 Kxh7 29. Rh1+ Kg8 30. e4 fxe4 31. Nxe4 Qf7 32. Rh3 a5 33. Nfg5 Qc7 34. Ne6 Qxe5 35. Nxd8 Qxe4+ 36. Re3 Qg4+ 37. Ke1 Qb4+ 38. Qxb4 axb4 39. Nc6 Rd6 40. Nxb4 Bd4 41. Rf3 Bc5 42. Nd3 Bd4 43. Kd2 Kg7 44. Kc2 Rc6+ 45. Kb3 Rc3+ 46. Kb4 Bf6 47. Kxb5 g5 48. Kb4 Kg6 49. Rxf6+ Kxf6 50. Kxc3 1-0

[Event "Titled Tuesday intern op 16th Apr Early"]
[Site "Chess.com INT"]
[Date "2024.04.16"]
[Round "9"]
[White "Petkov, Momchil"]
[Black "Postny, Evgeny"]
[Result "1-0"]
[WhiteElo "2502"]
[BlackElo "2600"]
[PlyCount "81"]
[EventDate "2024.04.16"]
[EventType "swiss (blitz)"]
[EventRounds "11"]
[EventCountry "USA"]
[SourceTitle "CB17_2024"]
[SourceDate "2024.04.24"]
[SourceVersion "1"]
[SourceVersionDate "2024.04.24"]
[SourceQuality "1"]

1. d4 Nf6 2. Nf3 e6 3. c4 Bb4+ 4. Bd2 a5 5. g3 d6 6. Bg2 Nc6 7. 0-0 Bxd2 8. Qxd2 0-0 9. Nc3 e5 10. h3 Bf5 11. e3 Re8 12. Rfe1 Ne4 13. Nxe4 Bxe4 14. Rad1 Qc8 15. Kh2 h6 16. Qc3 Qf5 17. g4 Qf6 18. dxe5 Nxe5 19. Nd2 Bxg2 20. Kxg2 Qg6 21. Rg1 f5 22. f4 fxg4 23. fxe5 Rxe5 24. Kh2 Rh5 25. Rg3 Rf8 26. Rdg1 Rf2+ 27. R1g2 Rxh3+ 28. Rxh3 Rxg2+ 29. Kxg2 gxh3+ 30. Kxh3 Qf5+ 31. Kg3 h5 32. Nf3 g5 33. Qd4 h4+ 34. Kg2 Qc2+ 35. Kh3 Qf2 36. Qg4 Qxb2 37. Qxg5+ Kf8 38. Qd8+ Kf7 39. Qxc7+ Ke6 40. Nd4+ Ke5 41. Qe7# 1-0

[Event "Titled Tuesday intern op 16th Apr Early"]
[Site "Chess.com INT"]
[Date "2024.04.16"]
[Round "5"]
[White "Shishkov, Andrei"]
[Black "Postny, Evgeny"]
[Result "1-0"]
[WhiteElo "2340"]
[BlackElo "2600"]
[PlyCount "165"]
[EventDate "2024.04.16"]
[EventType "swiss (blitz)"]
[EventRounds "11"]
[EventCountry "USA"]
[SourceTitle "CB17_2024"]
[SourceDate "2024.04.24"]
[SourceVersion "1"]
[SourceVersionDate "2024.04.24"]
[SourceQuality "1"]

1. d4 e6 2. c4 f5 3. g3 Nf6 4. Bg2 Be7 5. Nh3 0-0 6. 0-0 d6 7. Nc3 e5 8. dxe5 dxe5 9. Qxd8 Rxd8 10. Nd5 Nxd5 11. Bxd5+ Kf8 12. Ng5 Bxg5 13. Bxg5 Rd6 14. Rfd1 Nd7 15. Be3 a5 16. c5 Rg6 17. Bxb7 Bxb7 18. Rxd7 Rc8 19. Rad1 Ke8 20. R7d3 Bc6 21. Ra3 a4 22. b3 f4 23. Bc1 axb3 24. axb3 f3 25. Re1 Re6 26. Ra6 fxe2 27. Rxe2 Kf7 28. Bb2 Rd8 29. Re1 Rd2 30. Bc3 Rd3 31. Ba1 Rxb3 32. f4 e4 33. f5 Rh6 34. g4 Bd5 35. Rxh6 gxh6 36. Bd4 h5 37. g5 Rd3 38. Be3 Ra3 39. Kf2 Ra2+ 40. Kg3 h4+ 41. Kh3 c6 42. Bf4 Rf2 43. Kg4 h3 44. Bg3 Rf3 45. Kxh3 Rb3 46. Kg4 e3 47. Kf4 Kg7 48. Rxe3 Rb4+ 49. Ke5 Rc4 50. Kd6 Kf7 51. Re7+ Kf8 52. Be5 Rh4 53. Bg7+ Kg8 54. f6 Rxh2 55. Re8+ Kf7 56. Rf8+ Kg6 57. Bh6 Rd2 58. Rc8 Bh1+ 59. Kc7 Re2 60. Rd8 Re5 61. Kd6 Rf5 62. Rg8+ Kf7 63. Rg7+ Ke8 64. Re7+ Kd8 65. Rf7 Rd5+ 66. Ke6 Rxc5 67. Rf8+ Kc7 68. f7 Bd5+ 69. Kf6 Bxf7 70. Rxf7+ Kb6 71. Rxh7 Rc2 72. Kg6 c5 73. Rf7 c4 74. Kg7 Rg2 75. g6 c3 76. Rf3 c2 77. Rc3 Kb5 78. Rc8 Kb4 79. Kh7 Kb3 80. g7 Kb2 81. g8Q Rxg8 82. Rxg8 c1Q 83. Bxc1+ 1-0

[Event "Titled Tuesday intern op 02nd Apr Late"]
[Site "Chess.com INT"]
[Date "2024.04.02"]
[Round "11"]
[White "Postny, Evgeny"]
[Black "Yagupov, Igor"]
[Result "1-0"]
[WhiteElo "2600"]
[BlackElo "2275"]
[PlyCount "97"]
[EventDate "2024.04.02"]
[EventType "swiss (blitz)"]
[EventRounds "11"]
[EventCountry "USA"]
[SourceTitle "CB15_2024"]
[SourceDate "2024.04.10"]
[SourceVersion "1"]
[SourceVersionDate "2024.04.10"]
[SourceQuality "1"]

1. e4 c5 2. Nf3 e6 3. d4 cxd4 4. Nxd4 Nf6 5. Nc3 Nc6 6. Ndb5 d6 7. Bf4 e5 8. Bg5 a6 9. Na3 b5 10. Nd5 Be7 11. Bxf6 Bxf6 12. c3 Bg5 13. Nc2 Ne7 14. a4 bxa4 15. Rxa4 0-0 16. Be2 a5 17. 0-0 Bd7 18. Ra3 Nxd5 19. Qxd5 Be6 20. Qd3 d5 21. Rd1 dxe4 22. Qxe4 Qc7 23. Ne3 Bxe3 24. Qxe3 Rab8 25. Rd2 Bb3 26. h3 a4 27. Ra1 Rfd8 28. Bd1 Rxd2 29. Qxd2 Rd8 30. Qe2 Bxd1 31. Rxd1 Rb8 32. Qa6 g6 33. Rd2 e4 34. Qxa4 e3 35. fxe3 Qg3 36. Qf4 Qe1+ 37. Kh2 Rf8 38. Rf2 h5 39. h4 Kh7 40. c4 Qb4 41. Rc2 Kg8 42. c5 Qb3 43. Qe4 Rc8 44. c6 Kf8 45. c7 Qb6 46. Qe5 Kg8 47. Rc4 Qb3 48. Rd4 Qb6 49. Rd7 1-0

[Event "Titled Tuesday intern op 13th Feb Early"]
[Site "Chess.com INT"]
[Date "2024.02.13"]
[Round "4"]
[White "Bluebaum, Matthias"]
[Black "Postny, Evgeny"]
[Result "0-1"]
[WhiteElo "2658"]
[BlackElo "2597"]
[PlyCount "136"]
[EventDate "2024.02.13"]
[EventType "swiss (blitz)"]
[EventRounds "11"]
[EventCountry "USA"]
[SourceTitle "CB08_2024"]
[SourceDate "2024.02.21"]
[SourceVersion "1"]
[SourceVersionDate "2024.02.21"]
[SourceQuality "1"]

1. d4 Nf6 2. c4 c5 3. d5 g6 4. Nc3 Bg7 5. e4 d6 6. h3 0-0 7. Nf3 Na6 8. Bd3 Nc7 9. 0-0 e5 10. dxe6 Nxe6 11. Be3 Bd7 12. Qd2 Bc6 13. Rad1 Qa5 14. Nd5 Qxd2 15. Rxd2 Rfe8 16. Bc2 Nd7 17. b3 b5 18. cxb5 Bxb5 19. Rfd1 Ne5 20. Nxe5 Bxe5 21. Bd3 Bc6 22. Bc4 Rab8 23. f3 g5 24. Bf2 Kg7 25. Ne3 Nd4 26. Rxd4 cxd4 27. Nf5+ Kg6 28. Bxd4 f6 29. Bxa7 Ra8 30. Bd4 d5 31. exd5 Bd7 32. Bxe5 Rxe5 33. Ng3 Rxa2 34. d6 f5 35. Kf1 h5 36. Ne2 Rb2 37. f4 Re4 38. fxg5 Kxg5 39. Nd4 Kf4 40. Ne2+ Ke5 41. Rd5+ Kf6 42. Rd3 Rexe2 43. Rg3 Red2 44. Kg1 Rxd6 45. Kh2 h4 46. Rg8 Rdd2 47. Bf1 Rf2 48. Kg1 Rfc2 49. Rh8 Rc1 50. Rxh4 Rbb1 51. Kh2 Rxf1 52. Rd4 Rfd1 53. Rb4 Be6 54. h4 Rh1+ 55. Kg3 Rxb3+ 56. Rxb3 Bxb3 57. Kf3 Rxh4 58. g3 Rg4 59. Ke3 Bd5 60. Kf2 Ke5 61. Ke1 Rxg3 62. Kd2 Kd4 63. Kc1 Rg2 64. Kb1 Kc3 65. Kc1 f4 66. Kd1 Bc4 67. Ke1 f3 68. Kd1 Rg1# 0-1

[Event "Titled Tuesday intern op 13th Feb Early"]
[Site "Chess.com INT"]
[Date "2024.02.13"]
[Round "7"]
[White "Postny, Evgeny"]
[Black "Bjerre, Jonas Buhl"]
[Result "1-0"]
[WhiteElo "2597"]
[BlackElo "2642"]
[PlyCount "123"]
[EventDate "2024.02.13"]
[EventType "swiss (blitz)"]
[EventRounds "11"]
[EventCountry "USA"]
[SourceTitle "CB08_2024"]
[SourceDate "2024.02.21"]
[SourceVersion "1"]
[SourceVersionDate "2024.02.21"]
[SourceQuality "1"]

1. Nf3 Nf6 2. c4 c5 3. g3 Nc6 4. Bg2 g6 5. 0-0 Bg7 6. Nc3 0-0 7. d3 d6 8. a3 Rb8 9. Rb1 b6 10. b4 Bb7 11. Bd2 e6 12. Re1 Qe7 13. Qa4 Rbc8 14. bxc5 dxc5 15. Bf4 Rfd8 16. Nb5 Rd7 17. h3 e5 18. Bg5 h6 19. Bxf6 Qxf6 20. Nc3 Qd8 21. Nd5 Ne7 22. e4 Nc6 23. h4 Kh8 24. Bh3 f5 25. exf5 Rf7 26. f6 Bxf6 27. Bxc8 Qxc8 28. Kh2 Bg7 29. Re3 Qg4 30. Qd1 Bc8 31. Kg1 Qf5 32. Qe2 Kh7 33. Re1 Rf8 34. Re4 Qf7 35. Kg2 Bf5 36. g4 Bxe4 37. Qxe4 Nd4 38. Re3 Kh8 39. Nc3 Ne6 40. Nd5 Kg8 41. Re2 Nf4+ 42. Nxf4 exf4 43. Qe6 Rd8 44. Qe4 Qd7 45. Qxg6 Rf8 46. Qe6+ Qxe6 47. Rxe6 Rd8 48. Ne1 Bc3 49. Nf3 Bg7 50. Ne5 a6 51. Nc6 Rc8 52. Ne7+ Kf7 53. Nxc8 Kxe6 54. Nxb6 Ke5 55. Nd5 Bf8 56. Kf3 Bd6 57. Nxf4 Kd4 58. g5 hxg5 59. hxg5 Be5 60. g6 Kc3 61. Ke4 Bd4 62. Ne6 1-0

[Event "Titled Tuesday intern op 06th Feb Early"]
[Site "Chess.com INT"]
[Date "2024.02.06"]
[Round "6"]
[White "Narva, Mai"]
[Black "Postny, Evgeny"]
[Result "1-0"]
[WhiteElo "2397"]
[BlackElo "2597"]
[PlyCount "107"]
[EventDate "2024.02.06"]
[EventType "swiss (blitz)"]
[EventRounds "11"]
[EventCountry "USA"]
[SourceTitle "CB07_2024"]
[SourceDate "2024.02.14"]
[SourceVersion "1"]
[SourceVersionDate "2024.02.14"]
[SourceQuality "1"]

1. e4 c5 2. Nf3 Nc6 3. d4 cxd4 4. Nxd4 Nf6 5. Nc3 Rb8 6. Be3 d6 7. Bc4 Bd7 8. Qe2 Nxd4 9. Bxd4 b5 10. Bxb5 Rxb5 11. Nxb5 Qa5+ 12. Nc3 e5 13. Be3 Nxe4 14. Bd2 Nxd2 15. Qxd2 Be7 16. 0-0 0-0 17. Rfd1 Qc5 18. Nd5 Bh4 19. b4 Qc4 20. Ne3 Qe4 21. Qxd6 Be6 22. b5 h5 23. Qd3 Qa4 24. c4 Bg5 25. Qb3 Qa5 26. Nd5 Rc8 27. Qg3 Bd8 28. Qxe5 Rxc4 29. Rac1 Rxc1 30. Rxc1 Qxa2 31. Ne3 Bb6 32. Qxh5 Qb2 33. Rd1 Bb3 34. Re1 Qd2 35. Qe2 Qd4 36. Nf5 Qf6 37. Ne7+ Kf8 38. Nc6 Kg8 39. h3 Bc4 40. Qe8+ Kh7 41. Qe4+ g6 42. Qf3 Qxf3 43. gxf3 Bxb5 44. Ne5 Kg7 45. Kg2 a6 46. Rc1 Bd4 47. Ng4 Bb2 48. Rc7 Bd4 49. h4 Bb2 50. Ne3 Bd4 51. Nd5 Be5 52. Re7 Bd4 53. Kg3 a5 54. Nf4 1-0

[Event "Titled Tuesday intern op 06th Feb Early"]
[Site "Chess.com INT"]
[Date "2024.02.06"]
[Round "5"]
[White "Postny, Evgeny"]
[Black "Wilk, Igor"]
[Result "1-0"]
[WhiteElo "2597"]
[BlackElo "2228"]
[PlyCount "87"]
[EventDate "2024.02.06"]
[EventType "swiss (blitz)"]
[EventRounds "11"]
[EventCountry "USA"]
[SourceTitle "CB07_2024"]
[SourceDate "2024.02.14"]
[SourceVersion "1"]
[SourceVersionDate "2024.02.14"]
[SourceQuality "1"]

1. e4 e6 2. d4 d5 3. Nc3 Bb4 4. e5 c5 5. a3 Bxc3+ 6. bxc3 Ne7 7. Qg4 g6 8. h4 h5 9. Qf4 Qc7 10. Bd2 Nbc6 11. Nf3 Nf5 12. Bd3 cxd4 13. cxd4 Na5 14. Bb4 Nc4 15. Bxf5 exf5 16. 0-0 Be6 17. Bd6 Qd7 18. Rfe1 0-0-0 19. Rab1 Rhg8 20. Rb3 b6 21. Reb1 Kb7 22. Nd2 Nxd6 23. exd6 Qxd6 24. Qg5 f4 25. a4 Ka8 26. a5 Rb8 27. axb6 Rxb6 28. Rxb6 axb6 29. Qf6 Rc8 30. Nf3 Kb7 31. Ne5 Qd8 32. Qxf4 Qc7 33. Ra1 Bf5 34. Qf3 Be4 35. Qa3 Qb8 36. Qa6+ Kc7 37. Ra3 Kd8 38. Nxf7+ Ke7 39. Ne5 Qc7 40. Rg3 Qxc2 41. Qa3+ Ke8 42. Qd6 Qc7 43. Qe6+ Kf8 44. Nd7+ 1-0

[Event "Titled Tuesday intern op 06th Feb Early"]
[Site "Chess.com INT"]
[Date "2024.02.06"]
[Round "8"]
[White "Soderstrom, Adrian"]
[Black "Postny, Evgeny"]
[Result "0-1"]
[WhiteElo "2307"]
[BlackElo "2597"]
[PlyCount "324"]
[EventDate "2024.02.06"]
[EventType "swiss (blitz)"]
[EventRounds "11"]
[EventCountry "USA"]
[SourceTitle "CB07_2024"]
[SourceDate "2024.02.14"]
[SourceVersion "1"]
[SourceVersionDate "2024.02.14"]
[SourceQuality "1"]

1. e4 c5 2. Nf3 b6 3. d4 cxd4 4. Nxd4 Bb7 5. Nc3 g6 6. h4 h5 7. Bg5 Bg7 8. Bc4 Nc6 9. Ndb5 Nf6 10. Nd5 Nxd5 11. exd5 Ne5 12. d6 f6 13. Nc7+ Kf8 14. Bb3 fxg5 15. 0-0 g4 16. Re1 Rc8 17. Bd5 Rxc7 18. dxc7 Qxc7 19. Bxb7 Qxb7 20. Qd2 Bf6 21. Qf4 d6 22. Rad1 Kg7 23. c3 Bxh4 24. Rxe5 dxe5 25. Qxe5+ Bf6 26. Qe6 Rf8 27. Rd7 Qc8 28. g3 Qc5 29. b4 Qf5 30. Qc6 Rf7 31. Rd2 Qf3 32. Qe8 Bxc3 33. Qd7 Bxd2 34. Qxd2 b5 35. Qd4+ Qf6 36. Qxa7 h4 37. gxh4 g3 38. fxg3 Qf1+ 39. Kh2 Rf2+ 40. Qxf2 Qxf2+ 41. Kh3 Qxa2 42. h5 gxh5 43. Kh4 Kh6 44. g4 Qc4 45. Kh3 hxg4+ 46. Kg3 Kg5 47. Kg2 Qxb4 48. Kg3 Qe4 49. Kf2 Qd3 50. Kg2 Kf4 51. Kf2 Qc2+ 52. Ke1 Kf3 53. Kf1 Qd2 54. Kg1 Qe2 55. Kh1 e6 56. Kg1 Kf4 57. Kh1 Kf5 58. Kg1 Kf6 59. Kh1 Kf7 60. Kg1 Kf8 61. Kh1 Ke8 62. Kg1 Kd8 63. Kh1 Kc8 64. Kg1 Kb8 65. Kh1 Ka8 66. Kg1 Ka7 67. Kh1 Ka6 68. Kg1 Ka5 69. Kh1 Ka4 70. Kg1 Ka3 71. Kh1 Ka2 72. Kg1 Ka1 73. Kh1 b4 74. Kg1 e5 75. Kh1 e4 76. Kg1 Ka2 77. Kh1 Ka3 78. Kg1 Ka4 79. Kh1 Ka5 80. Kg1 Ka6 81. Kh1 Ka7 82. Kg1 Ka8 83. Kh1 Kb8 84. Kg1 Kc8 85. Kh1 Kd8 86. Kg1 Ke8 87. Kh1 Kf8 88. Kg1 Kg8 89. Kh1 Kh8 90. Kg1 Kh7 91. Kh1 Kh6 92. Kg1 Kh5 93. Kh1 Kh4 94. Kg1 Kg5 95. Kh1 Kf4 96. Kg1 e3 97. Kh1 Ke4 98. Kg1 Ke5 99. Kh1 Kd5 100. Kg1 Kd4 101. Kh1 Kc4 102. Kg1 Kc5 103. Kh1 Kb5 104. Kg1 b3 105. Kh1 Kb4 106. Kg1 Ka4 107. Kh1 Ka5 108. Kg1 b2 109. Kh1 g3 110. Kg1 Kb5 111. Kh1 Kc5 112. Kg1 Qd2 113. Kh1 Kd5 114. Kg1 Kd4 115. Kh1 Kd3 116. Kg1 Kc2 117. Kh1 Kc1 118. Kg1 b1Q 119. Kf1 Qa1 120. Kg1 Kb1 121. Kh1 g2+ 122. Kg1 Qc2 123. Kh2 g1Q+ 124. Kxg1 e2 125. Kh2 Kc1 126. Kh3 Kd1 127. Kg2 Ke1 128. Kf3 Kf1 129. Kg4 e1Q 130. Kf4 Ke2 131. Kg4 Qcd1 132. Kf4 Qab1 133. Ke5 Qbc1 134. Ke4 Kf1+ 135. Kf5 Kf2 136. Kg6 Kf3 137. Kf5 Qee2 138. Kg6 Qdd2 139. Kf5 Qcc2+ 140. Kf6 Qee3 141. Kf7 Qdd3 142. Kf6 Qcc3+ 143. Kf7 Kf4 144. Kg8 Qee4 145. Kf7 Qdd4 146. Kf8 Qcb4+ 147. Kf7 Qbc4+ 148. Kf8 Ke5 149. Kg7 Ke6+ 150. Kg8 Qb7 151. Kf8 Qda7 152. Kg8 Qcc7 153. Kf8 Qd7 154. Kg8 Qbc7 155. Kf8 Qab7 156. Kg8 Kf6 157. Kf8 Kg6 158. Kg8 Qe7 159. Kh8 Qcd7 160. Kg8 Qbc7 161. Kh8 Kf7 162. Kh7 Qh2# 0-1

[Event "ISR-ch op"]
[Site "Acre"]
[Date "2024.01.28"]
[Round "8"]
[White "Postny, Evgeny"]
[Black "Bronstein, Or"]
[Result "1/2-1/2"]
[WhiteElo "2597"]
[BlackElo "2441"]
[PlyCount "158"]
[EventDate "2024.01.21"]
[EventType "swiss"]
[EventRounds "9"]
[EventCountry "ISR"]
[SourceTitle "CB05_2024"]
[SourceDate "2024.01.31"]
[SourceVersion "1"]
[SourceVersionDate "2024.01.31"]
[SourceQuality "1"]

1. d4 Nf6 2. Bg5 d5 3. e3 c5 4. Bxf6 gxf6 5. Bb5+ Nc6 6. dxc5 Qa5+ 7. Nc3 a6 8. Bxc6+ bxc6 9. Nge2 Qxc5 10. 0-0 Rb8 11. e4 e6 12. Re1 Be7 13. Qd3 Qd6 14. b3 0-0 15. Rad1 Kh8 16. Ng3 Rg8 17. Qf3 Bb7 18. Nce2 Qe5 19. Nf4 Qg5 20. c4 Bb4 21. Rf1 Bd6 22. Nfh5 Rg6 23. Qe3 Rh6 24. f4 Qh4 25. e5 Bc7 26. Nxf6 d4 27. Rxd4 Bb6 28. Rfd1 Bxd4 29. Qxd4 Qxh2+ 30. Kf2 Rg6 31. Qe3 c5 32. Rh1 Qxg2+ 33. Ke1 Rxf6 34. exf6 Rd8 35. Rg1 Qc2 36. Ne2 Rd1+ 37. Kf2 Rd3 38. Rc1 Rxe3 39. Rxc2 Rf3+ 40. Kg1 h5 41. Rd2 Be4 42. Rd7 Kg8 43. Rc7 Bd3 44. Nc3 Rxf4 45. Rxc5 Rf1+ 46. Kh2 Rc1 47. Rg5+ Kh7 48. Na4 h4 49. Nc5 Bf5 50. Rg7+ Kh6 51. Rxf7 Rc2+ 52. Kg1 Kg6 53. Rg7+ Kxf6 54. Rg2 Rc1+ 55. Kh2 h3 56. Re2 a5 57. Nd7+ Kg5 58. Nc5 Bg4 59. Rf2 Bf5 60. Re2 Bg4 61. Rf2 Re1 62. Nd3 Re3 63. Rd2 Bf5 64. Nf2 Kf4 65. Nd1 Re1 66. Nf2 Ke3 67. Rb2 Rb1 68. Rxb1 Bxb1 69. Ng4+ Kd4 70. a3 Bf5 71. Nh6 Bc2 72. b4 axb4 73. axb4 Kxc4 74. Kxh3 Kxb4 75. Kg3 Kc3 76. Kf4 Kd4 77. Ng4 Bb3 78. Ne5 Bd5 79. Ng4 Bc6 1/2-1/2

[Event "Titled Tuesday intern op 19th Dec Early"]
[Site "Chess.com INT"]
[Date "2023.12.19"]
[Round "9"]
[White "Bettalli, Francesco"]
[Black "Postny, Evgeny"]
[Result "0-1"]
[WhiteElo "2260"]
[BlackElo "2580"]
[PlyCount "82"]
[EventDate "2023.12.19"]
[EventType "swiss (blitz)"]
[EventRounds "11"]
[EventCountry "USA"]
[SourceTitle "CB52_2023"]
[SourceDate "2023.12.27"]
[SourceVersion "1"]
[SourceVersionDate "2023.12.27"]
[SourceQuality "1"]

1. e4 c5 2. Nc3 g6 3. Bc4 Bg7 4. h4 h6 5. h5 g5 6. Qf3 e6 7. d3 Nc6 8. Qg3 Nd4 9. Bb3 Ne7 10. Nge2 Qa5 11. 0-0 Nxb3 12. cxb3 Rg8 13. Qd6 Qb6 14. Qg3 e5 15. Be3 d6 16. Rac1 f5 17. exf5 Bxf5 18. Ne4 Qa6 19. Rfd1 Bxe4 20. dxe4 Qxe2 21. Rxd6 b6 22. b4 Qxh5 23. bxc5 Rc8 24. c6 Rf8 25. c7 Kf7 26. f3 Qh4 27. Qxh4 gxh4 28. Bxh6 Bxh6 29. Rxh6 Ng6 30. Rh7+ Kf6 31. Rd7 Rf7 32. Rc6+ Kg7 33. Rdd6 Nf4 34. Rh6 Rcxc7 35. Rxc7 Rxc7 36. Rxh4 Rc1+ 37. Kh2 Rc2 38. Rg4+ Kf6 39. Kg1 Rxb2 40. g3 Nh3+ 41. Kh1 Nf2+ 0-1

[Event "Titled Tuesday intern op 19th Dec Early"]
[Site "Chess.com INT"]
[Date "2023.12.19"]
[Round "2"]
[White "Delorme, Axel"]
[Black "Postny, Evgeny"]
[Result "0-1"]
[WhiteElo "2487"]
[BlackElo "2580"]
[PlyCount "86"]
[EventDate "2023.12.19"]
[EventType "swiss (blitz)"]
[EventRounds "11"]
[EventCountry "USA"]
[SourceTitle "CB52_2023"]
[SourceDate "2023.12.27"]
[SourceVersion "1"]
[SourceVersionDate "2023.12.27"]
[SourceQuality "1"]

1. e4 c5 2. Nf3 Nc6 3. Bb5 g6 4. 0-0 Bg7 5. c3 Nf6 6. Re1 0-0 7. d4 d5 8. e5 Ne4 9. Be3 cxd4 10. cxd4 Qb6 11. Qe2 Bd7 12. Bxc6 Bxc6 13. Nc3 Nxc3 14. bxc3 Rac8 15. Qd2 Rfe8 16. Rab1 Qa5 17. h4 b6 18. h5 Bd7 19. h6 Bf8 20. Rec1 Rc4 21. Rb4 Rec8 22. Rxc4 Rxc4 23. Qb2 Ra4 24. Ra1 Qb5 25. Rb1 Qxb2 26. Rxb2 Ra3 27. Bd2 Bf5 28. Ne1 f6 29. exf6 exf6 30. f3 g5 31. g4 Be6 32. Nc2 Ra4 33. Be1 Bxh6 34. Bg3 Bf8 35. Nb4 Bf7 36. Kf2 Ra3 37. Rc2 a5 38. Nc6 Bg6 39. Rc1 Rxa2+ 40. Ke3 Rc2 41. Rxc2 Bxc2 42. Nd8 a4 43. Bc7 a3 0-1

[Event "Titled Tuesday intern op 19th Dec Early"]
[Site "Chess.com INT"]
[Date "2023.12.19"]
[Round "7"]
[White "Jakubowski, Krzysztof"]
[Black "Postny, Evgeny"]
[Result "1-0"]
[WhiteElo "2471"]
[BlackElo "2580"]
[PlyCount "119"]
[EventDate "2023.12.19"]
[EventType "swiss (blitz)"]
[EventRounds "11"]
[EventCountry "USA"]
[SourceTitle "CB52_2023"]
[SourceDate "2023.12.27"]
[SourceVersion "1"]
[SourceVersionDate "2023.12.27"]
[SourceQuality "1"]

1. e4 e6 2. d4 d5 3. Nc3 Nf6 4. e5 Nfd7 5. Nce2 c5 6. c3 Nc6 7. Nf3 b5 8. h4 b4 9. Nf4 bxc3 10. bxc3 Qa5 11. Bd2 Qa3 12. Rh3 Ba6 13. Ng5 Bxf1 14. Kxf1 Qa6+ 15. Kg1 Nd8 16. Qc2 h6 17. Nxf7 Kxf7 18. Qg6+ Kg8 19. Rg3 Rh7 20. Nxd5 Qe2 21. Nc7 Rc8 22. Nxe6 Qxd2 23. Qe8 Qb2 24. Rf1 Qb6 25. Nxg7 Kh8 26. Qxd7 Qc6 27. Qxc6 Nxc6 28. Nf5 Rf7 29. Rf3 cxd4 30. cxd4 Nb4 31. e6 Rf6 32. Re1 Re8 33. Nd6 Rfxe6 34. Rxe6 Rxe6 35. Rxf8+ Kg7 36. Rd8 Nc6 37. Rd7+ Kg6 38. Nc4 Re1+ 39. Kh2 Nb4 40. Ne5+ Kf6 41. Rxa7 Re4 42. Nf3 Nd5 43. a4 Re2 44. Kg3 Ra2 45. Ra6+ Ke7 46. a5 Nc3 47. Rxh6 Ne4+ 48. Kf4 Nxf2 49. a6 Nd3+ 50. Ke4 Nf2+ 51. Kd5 Ra5+ 52. Kc4 Ne4 53. Kb4 Ra1 54. Rh7+ Kf6 55. a7 Nd6 56. Kc5 Ne4+ 57. Kb6 Nc3 58. Kb7 Nd5 59. a8Q Rb1+ 60. Kc6 1-0

[Event "EU-chT 24th"]
[Site "Budva"]
[Date "2023.11.19"]
[Round "8.10"]
[White "Postny, Evgeny"]
[Black "Iordachescu, Viorel"]
[Result "1/2-1/2"]
[WhiteElo "2577"]
[BlackElo "2586"]
[PlyCount "114"]
[EventDate "2023.11.11"]
[EventType "team-swiss"]
[EventRounds "9"]
[EventCountry "MNE"]
[SourceTitle "CB47_2023"]
[SourceDate "2023.11.22"]
[SourceVersion "1"]
[SourceVersionDate "2023.11.22"]
[SourceQuality "1"]
[WhiteTeam "Israel"]
[BlackTeam "Moldova"]
[WhiteTeamCountry "ISR"]
[BlackTeamCountry "MDA"]

1. Nf3 Nf6 2. c4 c5 3. Nc3 Nc6 4. e3 e6 5. d4 d5 6. a3 cxd4 7. exd4 g6 8. c5 Bg7 9. b4 0-0 10. Bb2 Ne4 11. b5 Nxd4 12. Nxd4 Nxc5 13. Nb3 d4 14. Nb1 Na4 15. Ra2 e5 16. Bc4 Bf5 17. 0-0 Rc8 18. N3d2 Nb6 19. Bb3 Qd7 20. a4 Nd5 21. Ba3 Rfd8 22. Nf3 d3 23. Nh4 e4 24. Nxf5 Qxf5 25. g3 Kh8 26. Qd2 Nf6 27. Bb2 Kg8 28. Qf4 Qxf4 29. gxf4 Nd5 30. Bxd5 Rxd5 31. Bxg7 Kxg7 32. Nd2 f5 33. Rfa1 Kf6 34. h4 h6 35. Kg2 g5 36. hxg5+ hxg5 37. Kg3 Rdc5 38. Nf1 Rh8 39. fxg5+ Kxg5 40. f4+ Kf6 41. Ne3 Rcc8 42. Rg2 d2 43. Rd1 Rc3 44. Kf2 Rd3 45. Ke2 Rh3 46. Nc4 Rd4 47. Ne3 Rd3 48. Nf1 Rhf3 49. Rxd2 Rxf4 50. Rc2 Rff3 51. Rg8 Ra3 52. Rb8 Rxa4 53. Rxb7 Raa3 54. Rd7 Kg5 55. Rh7 Rfb3 56. Rb7 Kf4 57. Rd2 Ra5 1/2-1/2

[Event "EU-chT 24th"]
[Site "Budva"]
[Date "2023.11.18"]
[Round "7.4"]
[White "Klabis, Rokas"]
[Black "Postny, Evgeny"]
[Result "1/2-1/2"]
[WhiteElo "2412"]
[BlackElo "2577"]
[PlyCount "112"]
[EventDate "2023.11.11"]
[EventType "team-swiss"]
[EventRounds "9"]
[EventCountry "MNE"]
[SourceTitle "CB47_2023"]
[SourceDate "2023.11.22"]
[SourceVersion "1"]
[SourceVersionDate "2023.11.22"]
[SourceQuality "1"]
[WhiteTeam "Lithuania"]
[BlackTeam "Israel"]
[WhiteTeamCountry "LTU"]
[BlackTeamCountry "ISR"]

1. e4 c5 2. Nf3 e6 3. d4 cxd4 4. Nxd4 a6 5. Bd3 Bc5 6. Nb3 Ba7 7. Qe2 Nc6 8. Be3 d6 9. 0-0 Nf6 10. Bxa7 Rxa7 11. c4 0-0 12. Nc3 Qc7 13. Rad1 Qb8 14. f4 b6 15. Qe3 Rb7 16. Be2 Re8 17. Bf3 e5 18. f5 b5 19. cxb5 axb5 20. g4 Rd8 21. g5 Ne8 22. Rc1 Ne7 23. f6 Ng6 24. Na5 Be6 25. Nxb7 Qxb7 26. b4 gxf6 27. Be2 fxg5 28. Qxg5 Rc8 29. Bg4 h6 30. Qh5 Ng7 31. Qxh6 Rxc3 32. Rxc3 Bxg4 33. Qe3 Nh5 34. Ra3 Nhf4 35. Qa7 Nh3+ 36. Kg2 Qxe4+ 37. Kg3 Qc4 38. Qxf7+ Qxf7 39. Ra8+ Kg7 40. Rxf7+ Kxf7 41. Kxg4 Nf2+ 42. Kf3 Nd3 43. a4 bxa4 44. Rxa4 Ke6 45. b5 Nc5 46. Rg4 e4+ 47. Ke3 Kf5 48. Rg1 Nh4 49. b6 Ke5 50. Rc1 Nf5+ 51. Ke2 Kd5 52. Rf1 Nd4+ 53. Ke3 Nc2+ 54. Kd2 Nd4 55. Ke3 Nc2+ 56. Kd2 Nd4 1/2-1/2

[Event "EU-chT 24th"]
[Site "Budva"]
[Date "2023.11.12"]
[Round "2.6"]
[White "Iturrizaga Bonelli, Eduardo"]
[Black "Postny, Evgeny"]
[Result "0-1"]
[WhiteElo "2621"]
[BlackElo "2577"]
[PlyCount "148"]
[EventDate "2023.11.11"]
[EventType "team-swiss"]
[EventRounds "9"]
[EventCountry "MNE"]
[SourceTitle "CB47_2023"]
[SourceDate "2023.11.22"]
[SourceVersion "1"]
[SourceVersionDate "2023.11.22"]
[SourceQuality "1"]
[WhiteTeam "Spain"]
[BlackTeam "Israel"]
[WhiteTeamCountry "ESP"]
[BlackTeamCountry "ISR"]

1. c4 e6 2. Nc3 d5 3. cxd5 exd5 4. d4 c6 5. Bf4 Bd6 6. Bg3 Ne7 7. e3 Nf5 8. Bd3 Nxg3 9. hxg3 Nd7 10. Qc2 Nf6 11. 0-0-0 Qe7 12. Nf3 Be6 13. Ng5 Bg4 14. Rde1 0-0-0 15. e4 dxe4 16. Ngxe4 Kb8 17. Nc5 Qc7 18. Nb3 g6 19. Kb1 Rhe8 20. a3 Be6 21. Ne4 Nxe4 22. Bxe4 h5 23. Re3 f5 24. Bf3 Qf7 25. Nc5 Ba2+ 26. Ka1 Rxe3 27. fxe3 Bxc5 28. Qxc5 Bd5 29. Re1 Qc7 30. Bxd5 Qxg3 31. Rc1 cxd5 32. Qe7 Qd6 33. Qf7 Rf8 34. Qg7 Re8 35. Rc5 a6 36. Qf7 Qe6 37. Qc7+ Ka7 38. Rc3 Re7 39. Qd8 Re8 40. Qc7 Qe7 41. Qg3 g5 42. Qf3 Qf7 43. Qg3 g4 44. Qd6 Qe6 45. Qc7 Qe7 46. Qf4 Qe4 47. Qh2 h4 48. Qxh4 Qxg2 49. Ka2 Qh3 50. Qf6 Qh7 51. Qd6 Qf7 52. Rc5 Qe6 53. Qxd5 Qxd5+ 54. Rxd5 Rf8 55. Rc5 Kb6 56. a4 a5 57. Rc1 f4 58. exf4 Rxf4 59. Rc5 Rxd4 60. Rb5+ Kc6 61. Rxa5 Rd5 62. Ra8 Rg5 63. Rc8+ Kd5 64. b4 Kd4 65. Kb3 g3 66. Rd8+ Ke3 67. Re8+ Kf3 68. Rf8+ Kg4 69. Rf1 g2 70. Rg1 Kf3 71. b5 Rg4 72. a5 Kf2 73. Ra1 g1Q 74. Rxg1 Kxg1 0-1